Ładuje się......

Kalyana sougandhikam

Opis bibliograficzny
1. autor: Thamburan,Kottayathu
Format: Printed Book
Język:Malayalam
Wydane: SahityaPravarthakasahakaranasangam SahityaPravarthakasahakaranasangam 1973
LEADER 00507nam a2200121Ia 4500
008 111204s9999 xx 000 0 mal d
100 |a Thamburan,Kottayathu 
245 |a Kalyana sougandhikam  |c Kottayathu Thamburan 
260 |b SahityaPravarthakasahakaranasangam  |a SahityaPravarthakasahakaranasangam  |c 1973 
300 |a 64 
942 |c BK 
999 |c 221476  |d 221476 
952 |0 0  |1 0  |2 ddc  |4 0  |6 851_522000000000000_KAL  |7 0  |9 244579  |a MAL  |b MAL  |c ST1  |d 1985-02-15  |g 1.00  |l 1  |o 851.522 KAL  |p MAL11801  |r 2014-03-04  |s 2013-11-13  |v 1.00  |w 2011-12-05  |y BK